| 000 | 00448nam a2200193Ia 4500 | ||
|---|---|---|---|
| 005 | 20250603145806.0 | ||
| 008 | 250603s9999 xx 000 0 und d | ||
| 020 | _a9781398613218 | ||
| 050 | _aHD 38.5 .M36/ | ||
| 100 | _aManners-Bell, John. | ||
| 245 | 0 | _aSupply Chain Risk Management | |
| 250 | _a4th | ||
| 260 | _aNew York | ||
| 260 | _bKogan Page | ||
| 260 | _c2023 | ||
| 300 | _aXvi, 427p.: ill. | ||
| 650 | _aNew York | ||
| 942 | _cBK | ||
| 999 |
_c42868 _d42868 |
||